[Event "Cappelle op 29th"]
[Site "Cappelle la Grande"]
[Date "2013.02.28"]
[Round "7"]
[White "Koscielny, Edmond"]
[Black "Bouche, Fabian"]
[Result "1-0"]
[WhiteElo "1876"]
[BlackElo "1588"]
[PlyCount "55"]
[EventDate "2013.02.23"]
[EventType "swiss"]
[EventRounds "9"]
[EventCountry "FRA"]
[SourceTitle "CBM 153 Extra"]
[Source "ChessBase"]
[SourceDate "2013.04.22"]
[SourceVersion "1"]
[SourceVersionDate "2013.04.22"]
[SourceQuality "1"]

1. f4 e5 2. fxe5 d6 3. exd6 Bxd6 4. Nf3 g5 5. g3 g4 6. Nh4 f5 7. d4 f4 8. Qd3 Qe7 9. Nc3 Nf6 10. Bxf4 Bxf4 11. gxf4 Nc6 12. 0-0-0 Nb4 13. Qg3 Nh5 14. Qf2 Rf8 15. e3 Bf5 16. Nxf5 Rxf5 17. Bb5+ c6 18. Bd3 Ra5 19. a3 Nd5 20. Nxd5 cxd5 21. Qe2 Rc8 22. Qxg4 Kd8 23. Qxh5 Rxa3 24. Qxd5+ Ke8 25. Qg8+ Kd7 26. Bf5+ Kd6 27. Qxc8 Qxe3+ 28. Kb1 1-0